Capitales sans les lettres de "Sucre" - Statistiques

Statistiques générales
  • Ce quiz a été pris 9 fois
  • Le résultat moyen est 7 sur 21
Statistiques - réponses
Continents Capitales % Correct
Amérique du Nord Ottawa
88%
Asie Tokyo
75%
Asie Bangkok
63%
Amérique du Sud Bogota
63%
Amérique du Nord Panama
63%
Europe Tallinn
63%
Asie Amman
50%
Asie Bagdad
38%
Asie Dili
38%
Asie Manama
38%
Océanie Apia
25%
Asie Doha
25%
Asie Hanoï
25%
Afrique Kigali
25%
Asie Pyongyang
25%
Afrique Bamako
13%
Afrique Kampala
13%
Amérique du Sud Lima
13%
Afrique Dodoma
0%
Afrique Malabo
0%
Asie Naypyidaw
0%
Aucun quiz correspondant
Distribution des résultats
% des personnes avec chaque résultat
Percentile par nombre de réponses
Votre historique - résultats
Vous n’avez pas pris ce quiz